Szegedi Gyufagyár Új üzemcsarnokot avattak /

Elmentve itt :
Bibliográfiai részletek
Szerző: Ács S. Sándor
Dokumentumtípus: Cikk
Megjelent: 1977-01-08
Sorozat:Délmagyarország 67 No. 6
Kulcsszavak:Gyufagyár
Online Access:http://dmarchiv.bibl.u-szeged.hu/106186
LEADER 00466nab a2200157 i 4500
001 delm106186
005 20190605123824.0
008 190605s1977 hu o 0|| hun d
040 |a SZTE Délmagyarország Archívum  |b hun 
041 |a hun 
100 2 |a Ács S. Sándor 
245 1 0 |a Szegedi Gyufagyár   |h [elektronikus dokumentum] :  |b Új üzemcsarnokot avattak /  |c  Ács S. Sándor 
260 |c 1977-01-08 
300 |a 1 
490 0 |a Délmagyarország  |v 67 No. 6 
695 |a Gyufagyár